<?xml version="1.0" encoding="UTF-8"?>
<record
    xmlns:xsi="http://www.w3.org/2001/XMLSchema-instance"
    xsi:schemaLocation="http://www.loc.gov/MARC21/slim http://www.loc.gov/standards/marcxml/schema/MARC21slim.xsd"
    xmlns="http://www.loc.gov/MARC21/slim">

  <leader>01560nam a22001457a 4500</leader>
  <datafield tag="999" ind1=" " ind2=" ">
    <subfield code="c">525135</subfield>
    <subfield code="d">525135</subfield>
  </datafield>
  <controlfield tag="008">240212b           ||||| |||| 00| 0 eng d</controlfield>
  <datafield tag="100" ind1=" " ind2=" ">
    <subfield code="a">Cyndia,  B. K., Jasmin, K. S. Shoba </subfield>
    <subfield code="9">49904</subfield>
  </datafield>
  <datafield tag="245" ind1=" " ind2=" ">
    <subfield code="a">Stress management amongst shift workers in India</subfield>
  </datafield>
  <datafield tag="260" ind1=" " ind2=" ">
    <subfield code="a">Productivity </subfield>
  </datafield>
  <datafield tag="300" ind1=" " ind2=" ">
    <subfield code="a">64(3), Oct-Dec, 2023: p.249-260</subfield>
  </datafield>
  <datafield tag="520" ind1=" " ind2=" ">
    <subfield code="a">Shift work stands as an indispensable pillar of contemporary society, facilitating ceaseless operations across an array of industries. However, stress is a significant, formidable challenge associated with shift work, which has extensive repercussions on the well being of shift operatives. This study is an exploration of stress relief in the specific context of shift employment. It lays particular emphasis on the insights from studies that cast light on the intricate interplay of shift work, stress, and the ensuing ramifications for health. In this context, the present study is aimed at discussing the stress management strategies used by shift workers in India. The study uses primary data collected from 60 sample respondents through convenient sampling using a structured questionnaire. The findings reveal that stress management strategies for shift workers is an area that presents opportunities to determine some ways to manage stress not only for shift workers but for the worker population in general.- Reproduced

https://www.printspublications.com/journal/productivity--a-quarterly-journal-of-the-national-productivity-council
</subfield>
  </datafield>
  <datafield tag="773" ind1=" " ind2=" ">
    <subfield code="a">Productivity </subfield>
  </datafield>
  <datafield tag="906" ind1=" " ind2=" ">
    <subfield code="a">STRESS MANAGEMENT</subfield>
  </datafield>
  <datafield tag="942" ind1=" " ind2=" ">
    <subfield code="c">AR</subfield>
  </datafield>
  <datafield tag="952" ind1=" " ind2=" ">
    <subfield code="0">0</subfield>
    <subfield code="1">0</subfield>
    <subfield code="2">ddc</subfield>
    <subfield code="4">0</subfield>
    <subfield code="7">0</subfield>
    <subfield code="9">400183</subfield>
    <subfield code="a">IIPA</subfield>
    <subfield code="b">IIPA</subfield>
    <subfield code="d">2024-02-12</subfield>
    <subfield code="h">64(3), Oct-Dec, 2023: p.249-260</subfield>
    <subfield code="p">AR130969</subfield>
    <subfield code="r">2024-02-12</subfield>
    <subfield code="y">AR</subfield>
  </datafield>
</record>
